[Event "MPJBiS 2020"]
[Site "?"]
[Date "2020.08.28"]
[Round "7.3"]
[White "Wierzbicki, Dawid"]
[Black "Borowik, Wojciech"]
[Result "1-0"]
[BlackElo "1528"]
[WhiteElo "1507"]
[LiveChessVersion "1.4.8"]

1. e4 {[%clk 0:15:18]} c5 {[%clk 0:15:18]} 2. Nc3 {[%clk 0:15:24]} d6
{[%clk 0:14:38]} 3. g3 {[%clk 0:15:31]} Nc6 {[%clk 0:14:41]} 4. Bg2
{[%clk 0:15:39]} g6 {[%clk 0:14:42]} 5. d3 {[%clk 0:15:46]} Bg7 {[%clk 0:14:49]}
6. Nge2 {[%clk 0:15:54]} e6 {[%clk 0:14:50]} 7. Be3 {[%clk 0:16:01]} Nge7
{[%clk 0:14:56]} 8. O-O {[%clk 0:16:06]} O-O {[%clk 0:14:55]} 9. f4
{[%clk 0:16:11]} Nd4 {[%clk 0:14:42]} 10. Nc1 {[%clk 0:15:45]} Rb8
{[%clk 0:14:29]} 11. Qd2 {[%clk 0:15:51]} b5 {[%clk 0:14:12]} 12. Nd1
{[%clk 0:15:58]} b4 {[%clk 0:11:59]} 13. c3 {[%clk 0:15:59]} bxc3
{[%clk 0:11:37]} 14. bxc3 {[%clk 0:16:07]} Ndc6 {[%clk 0:11:45]} 15. Ne2
{[%clk 0:16:14]} Qc7 {[%clk 0:10:29]} 16. Rc1 {[%clk 0:14:49]} Ba6
{[%clk 0:09:58]} 17. h3 {[%clk 0:13:57]} Rb6 {[%clk 0:06:16]} 18. Kh2
{[%clk 0:11:50]} Rfb8 {[%clk 0:06:06]} 19. Nf2 {[%clk 0:10:34]} Rb2
{[%clk 0:04:52]} 20. Rc2 {[%clk 0:10:31]} Qb6 {[%clk 0:04:56]} 21. Rfc1
{[%clk 0:10:16]} Rxc2 {[%clk 0:03:38]} 22. Rxc2 {[%clk 0:10:17]} Qb1
{[%clk 0:03:14]} 23. g4 {[%clk 0:10:00]} Qb6 {[%clk 0:02:25]} 24. Ng3
{[%clk 0:10:03]} Qa5 {[%clk 0:02:03]} 25. f5 {[%clk 0:09:47]} Ne5
{[%clk 0:01:40]} 26. Bf4 {[%clk 0:08:41]} d5 {[%clk 0:01:06]} 27. Rb2
{[%clk 0:08:00]} Rxb2 {[%clk 0:00:59]} 28. Qxb2 {[%clk 0:08:07]} Qd8
{[%clk 0:00:35]} 29. Qa3 {[%clk 0:07:47]} Qb6 {[%clk 0:00:32]} 30. d4
{[%clk 0:07:18]} Nd7 {[%clk 0:00:26]} 31. dxc5 {[%clk 0:07:10]} Nxc5
{[%clk 0:00:35]} 32. Be3 {[%clk 0:07:19]} d4 {[%clk 0:00:27]} 33. cxd4
{[%clk 0:07:25]} Nxe4 {[%clk 0:00:22]} 34. Ngxe4 {[%clk 0:07:15]} Nd5
{[%clk 0:00:29]} 35. Nc5 {[%clk 0:06:40]} Qd6+ {[%clk 0:00:22]} 36. Kg1
{[%clk 0:06:06]} Nxe3 {[%clk 0:00:29]} 37. Qxa6 {[%clk 0:06:08]} Qxd4
{[%clk 0:00:19]} 38. Qc8+ {[%clk 0:05:42]} Bf8 {[%clk 0:00:28]} 39. Nd7
{[%clk 0:05:39]} Qd6 {[%clk 0:00:21]} 40. Nf6+ {[%clk 0:05:39]} Kg7
{[%clk 0:00:29]} 41. Ne8+ {[%clk 0:05:47]} 1-0

[Event "MPJBiS 2020"]
[Site "?"]
[Date "2020.08.28"]
[Round "7.4"]
[White "Warchol, Kamil"]
[Black "Nawalaniec, Adam"]
[Result "1-0"]
[BlackElo "1458"]
[WhiteElo "1751"]
[LiveChessVersion "1.4.8"]

1. e4 {[%clk 0:15:19]} Nc6 {[%clk 0:15:19]} 2. d4 {[%clk 0:15:11]} d5
{[%clk 0:15:28]} 3. e5 {[%clk 0:14:38]} Bf5 {[%clk 0:15:36]} 4. Nf3
{[%clk 0:14:38]} e6 {[%clk 0:15:37]} 5. c3 {[%clk 0:14:44]} Nge7 {[%clk 0:15:22]}
6. Bd3 {[%clk 0:14:49]} Bxd3 {[%clk 0:15:23]} 7. Qxd3 {[%clk 0:14:57]} Ng6
{[%clk 0:15:25]} 8. O-O {[%clk 0:14:58]} Be7 {[%clk 0:15:31]} 9. b4
{[%clk 0:14:55]} a6 {[%clk 0:14:42]} 10. a4 {[%clk 0:15:00]} O-O {[%clk 0:14:46]}
11. Nbd2 {[%clk 0:14:55]} f6 {[%clk 0:13:23]} 12. exf6 {[%clk 0:14:22]} Bxf6
{[%clk 0:13:30]} 13. Nb3 {[%clk 0:13:29]} e5 {[%clk 0:11:51]} 14. dxe5
{[%clk 0:13:14]} Ncxe5 {[%clk 0:11:59]} 15. Nxe5 {[%clk 0:13:21]} Bxe5
{[%clk 0:10:54]} 16. Nc5 {[%clk 0:11:37]} c6 {[%clk 0:10:24]} 17. g3
{[%clk 0:09:26]} Rf7 {[%clk 0:08:53]} 18. f4 {[%clk 0:08:44]} Bd6
{[%clk 0:08:00]} 19. Be3 {[%clk 0:08:36]} b6 {[%clk 0:05:57]} 20. Ne6
{[%clk 0:08:03]} Qf6 {[%clk 0:06:01]} 21. Ng5 Re7 {[%clk 0:03:39]} 22. Bd4
{[%clk 0:06:27]} Qf8 {[%clk 0:03:11]} 23. Rae1 {[%clk 0:04:47]} Rae8
{[%clk 0:01:31]} 24. Rxe7 {[%clk 0:03:08]} Qxe7 {[%clk 0:01:26]} 25. Bxb6
{[%clk 0:02:51]} Qb7 {[%clk 0:00:22]} 26. Bd4 {[%clk 0:02:47]} Qe7
{[%clk 0:00:30]} 27. Qxa6 {[%clk 0:02:04]} Qd7 {[%clk 0:00:15]} 28. Qd3
{[%clk 0:01:53]} Qe7 {[%clk 0:00:23]} 29. Qc2 {[%clk 0:01:34]} c5
{[%clk 0:00:19]} 30. bxc5 {[%clk 0:01:11]} Bxc5 {[%clk 0:00:28]} 31. Qd3
{[%clk 0:01:10]} Bxd4+ {[%clk 0:00:22]} 32. Qxd4 {[%clk 0:01:19]} Qe3+
{[%clk 0:00:26]} 33. Qxe3 {[%clk 0:01:03]} Rxe3 {[%clk 0:00:35]} 34. Rf3
{[%clk 0:01:02]} Re1+ {[%clk 0:00:42]} 35. Kf2 {[%clk 0:01:10]} Ra1
{[%clk 0:00:51]} 36. Rd3 {[%clk 0:00:57]} Rxa4 {[%clk 0:00:53]} 37. Rxd5
{[%clk 0:01:04]} Ra2+ {[%clk 0:01:02]} 38. Kf3 {[%clk 0:00:59]} Kf8
{[%clk 0:00:59]} 39. Nxh7+ {[%clk 0:01:04]} Ke7 {[%clk 0:01:08]} 40. Rb5
{[%clk 0:01:04]} Rxh2 {[%clk 0:01:13]} 41. Rb7+ {[%clk 0:01:11]} Ke8
{[%clk 0:01:09]} 42. Rxg7 {[%clk 0:01:12]} Ne7 {[%clk 0:01:09]} 43. Ng5
{[%clk 0:01:06]} Rc2 {[%clk 0:01:16]} 44. Ne4 {[%clk 0:01:13]} Nd5
{[%clk 0:01:17]} 45. Kg4 {[%clk 0:01:14]} Kf8 {[%clk 0:01:00]} 46. Rd7
{[%clk 0:01:17]} Ne3+ {[%clk 0:00:16]} 47. Kg5 {[%clk 0:01:15]} Ra2
{[%clk 0:00:00]} 1-0

[Event "MPJBiS 2020"]
[Site "?"]
[Date "2020.08.28"]
[Round "7.5"]
[White "Bartodziej, Bartosz"]
[Black "Skrzypinski, Jan"]
[Result "0-1"]
[BlackElo "1519"]
[WhiteElo "1563"]
[LiveChessVersion "1.4.8"]

1. e4 c5 2. Nf3 a6 3. d4 cxd4 4. Nxd4 e5 5. Nb3 Nf6 6. Nc3 d6 7. Be2 Be6 8. f4
Nc6 9. O-O Be7 10. Be3 exf4 11. Bxf4 O-O 12. Qd3 Ne5 13. Qg3 Ng6 14. Rad1 Nxf4
15. Qxf4 Qb6+ 16. Kh1 Rac8 17. Rd2 Nd7 18. Nd5 Bxd5 19. exd5 h6 20. Bd3 Ne5 21.
Qg3 Nxd3 22. Rxd3 Kh8 23. Rd2 Qb5 24. Rfd1 Bg5 25. Rf2 Qb4 26. c3 Qh4 27. Qf3 Bf6
28. Nd4 Bxd4 29. Rxd4 Qg5 30. h4 Qc1+ 31. Kh2 Qb1 32. a3 Qg6 33. Rf4 Rc7 34. Qe3
f5 35. Qf3 Rcf7 36. Qe3 Qf6 37. Qf3 g6 38. Rd4 Kg7 39. Rdd2 Qxh4+ 40. Kg1 Qf6 41.
Rfe2 Re7 42. Rxe7+ Qxe7 43. Re2 Qc7 44. Qf2 Qc4 45. Qf3 Qc5+ 46. Kh2 Qb6 47. Qg3
Qd8 48. Qf4 Rf6 49. Qd4 g5 50. Qe3 Kg6 51. Qe7 Qxe7 52. Rxe7 b5 53. Ra7 f4 54.
Rxa6 Kf5 55. a4 bxa4 56. Rxa4 Ke5 57. Rd4 g4 58. Rd2 h5 59. c4 Rf7 60. b4 Rc7 61.
c5 dxc5 62. d6 Rd7 63. bxc5 h4 64. Rc2 Rd8 65. Rc1 Ke6 66. Re1+ Kd5 67. Rc1 Kc6
68. Rc4 Rf8 69. Rc3 Kd7 70. Rc2 Kc6 71. Rc3 f3 72. gxf3 gxf3 73. Rc2 f2 0-1

[Event "MPJBiS 2020"]
[Site "?"]
[Date "2020.08.28"]
[Round "7.6"]
[White "Dobosiewicz, Dawid"]
[Black "Komendecki, Antoni"]
[Result "0-1"]
[BlackElo "1528"]
[WhiteElo "1405"]
[LiveChessVersion "1.4.8"]

1. e4 {[%clk 0:15:16]} c5 {[%clk 0:15:16]} 2. Nc3 {[%clk 0:15:23]} g6
{[%clk 0:15:08]} 3. f4 {[%clk 0:15:27]} e6 {[%clk 0:14:33]} 4. Nf3
{[%clk 0:14:50]} Bg7 {[%clk 0:14:25]} 5. g3 {[%clk 0:14:23]} Ne7 {[%clk 0:13:27]}
6. Bg2 {[%clk 0:14:12]} Nbc6 {[%clk 0:12:26]} 7. Nb5 {[%clk 0:11:16]} d5
{[%clk 0:11:01]} 8. e5 {[%clk 0:11:09]} O-O {[%clk 0:10:56]} 9. Nd6
{[%clk 0:10:52]} f6 {[%clk 0:08:11]} 10. exf6 {[%clk 0:09:07]} Bxf6
{[%clk 0:08:14]} 11. Nxc8 {[%clk 0:09:12]} Rxc8 {[%clk 0:08:21]} 12. c3
{[%clk 0:08:46]} Nf5 {[%clk 0:06:24]} 13. O-O {[%clk 0:08:28]} Qd6
{[%clk 0:04:24]} 14. d3 {[%clk 0:07:30]} Rce8 {[%clk 0:03:24]} 15. Re1
{[%clk 0:06:54]} a6 {[%clk 0:02:30]} 16. Qe2 {[%clk 0:05:32]} b5 {[%clk 0:01:41]}
17. Ne5 {[%clk 0:05:32]} b4 {[%clk 0:01:09]} 18. Rb1 {[%clk 0:04:29]} a5
{[%clk 0:00:57]} 19. Kh1 {[%clk 0:03:52]} Re7 {[%clk 0:00:51]} 20. Bh3
{[%clk 0:03:35]} d4 {[%clk 0:00:18]} 21. c4 {[%clk 0:03:13]} Bg7 {[%clk 0:00:18]}
22. Bg2 {[%clk 0:03:18]} Nxe5 {[%clk 0:00:26]} 23. fxe5 {[%clk 0:03:26]} Qd7
{[%clk 0:00:33]} 24. Bg5 {[%clk 0:03:26]} Ref7 {[%clk 0:00:42]} 25. Rf1
{[%clk 0:03:08]} Bh6 {[%clk 0:00:31]} 26. Bxh6 {[%clk 0:03:05]} Nxh6
{[%clk 0:00:41]} 27. g4 {[%clk 0:02:58]} Qe7 {[%clk 0:00:39]} 28. h3
{[%clk 0:02:47]} Qh4 {[%clk 0:00:48]} 29. Kg1 {[%clk 0:02:39]} Qg3
{[%clk 0:00:46]} 30. b3 {[%clk 0:01:28]} Rxf1+ {[%clk 0:00:29]} 31. Rxf1
{[%clk 0:01:36]} Rxf1+ {[%clk 0:00:37]} 32. Kxf1 {[%clk 0:01:35]} Nf7
{[%clk 0:00:41]} 33. Qf3 {[%clk 0:01:13]} Qxf3+ {[%clk 0:00:39]} 34. Bxf3
{[%clk 0:01:22]} Nxe5 {[%clk 0:00:47]} 35. Be4 {[%clk 0:01:30]} Kg7
{[%clk 0:00:41]} 36. Kf2 {[%clk 0:01:39]} Kf6 {[%clk 0:00:49]} 37. Kg3
{[%clk 0:01:42]} h6 {[%clk 0:00:40]} 38. h4 {[%clk 0:01:42]} g5 {[%clk 0:00:22]}
39. h5 {[%clk 0:01:51]} Nd7 {[%clk 0:00:30]} 40. Bc6 {[%clk 0:01:31]} Nb6
{[%clk 0:00:19]} 41. Kf3 {[%clk 0:01:18]} Ke5 {[%clk 0:00:28]} 42. Bb7
{[%clk 0:00:57]} a4 {[%clk 0:00:29]} 43. Bc6 {[%clk 0:01:01]} a3 {[%clk 0:00:34]}
44. Bb7 {[%clk 0:01:09]} Na4 {[%clk 0:00:31]} 45. Ke2 {[%clk 0:00:50]} Nc3+
{[%clk 0:00:39]} 46. Kd2 {[%clk 0:01:00]} Nxa2 {[%clk 0:00:48]} 47. Kc2
{[%clk 0:01:08]} Kf4 {[%clk 0:00:40]} 48. Bc8 {[%clk 0:01:17]} Kxg4
{[%clk 0:00:46]} 49. Bxe6+ {[%clk 0:01:25]} Kxh5 0-1

[Event "MPJBiS 2020"]
[Site "?"]
[Date "2020.08.28"]
[Round "7.7"]
[White "Merecki, Antoni"]
[Black "Maj, Samuel"]
[Result "1-0"]
[BlackElo "1347"]
[WhiteElo "1425"]
[LiveChessVersion "1.4.8"]

1. d4 Nf6 2. c4 g6 3. f3 Bg7 4. e4 d6 5. Be3 O-O 6. Nc3 Nc6 7. Nge2 a6 8. Qd2 Rb8
9. a4 e5 10. d5 Na5 11. Nc1 c6 12. b4 cxd5 13. cxd5 Bd7 14. bxa5 Qxa5 15. Bd3
Rfc8 16. N1e2 b5 17. O-O b4 18. Na2 Qxa4 19. Rfb1 b3 20. Nac1 b2 21. Rxa4 bxc1=Q+
22. Rxc1 Bxa4 23. Rxc8+ Rxc8 24. Qa5 Bd1 25. Qxa6 Ra8 1-0

[Event "MPJBiS 2020"]
[Site "?"]
[Date "2020.08.28"]
[Round "7.8"]
[White "Sliz, Karol"]
[Black "Bochniak, Franciszek"]
[Result "0-1"]
[BlackElo "1719"]
[WhiteElo "1372"]
[LiveChessVersion "1.4.8"]

1. e4 {[%clk 0:15:19]} c5 {[%clk 0:15:19]} 2. Nf3 {[%clk 0:15:27]} d6
{[%clk 0:15:27]} 3. d4 {[%clk 0:15:35]} cxd4 {[%clk 0:15:36]} 4. Nxd4
{[%clk 0:15:37]} Nf6 {[%clk 0:15:44]} 5. Nc3 {[%clk 0:15:44]} a6 {[%clk 0:15:53]}
6. f3 {[%clk 0:15:53]} e5 {[%clk 0:15:58]} 7. Nb3 {[%clk 0:15:48]} Be7
{[%clk 0:16:06]} 8. Be3 {[%clk 0:15:44]} Be6 {[%clk 0:16:11]} 9. Qd2
{[%clk 0:15:36]} Nbd7 {[%clk 0:16:19]} 10. O-O-O {[%clk 0:15:31]} O-O
{[%clk 0:16:26]} 11. g4 {[%clk 0:15:39]} Qc7 {[%clk 0:16:33]} 12. g5
{[%clk 0:15:42]} Nh5 {[%clk 0:16:28]} 13. f4 {[%clk 0:15:49]} exf4
{[%clk 0:15:54]} 14. Bxf4 {[%clk 0:15:58]} Nxf4 {[%clk 0:16:00]} 15. Qxf4
{[%clk 0:16:06]} b5 {[%clk 0:15:56]} 16. Nd5 {[%clk 0:15:29]} Bxd5
{[%clk 0:15:58]} 17. exd5 {[%clk 0:15:21]} Rac8 {[%clk 0:16:03]} 18. Rd2
{[%clk 0:14:55]} Nb6 {[%clk 0:16:01]} 19. h4 {[%clk 0:14:47]} Nxd5
{[%clk 0:15:27]} 20. Qe4 {[%clk 0:13:57]} Nb6 {[%clk 0:15:07]} 21. Bd3
{[%clk 0:13:48]} g6 {[%clk 0:14:56]} 22. Rg1 {[%clk 0:13:21]} d5 {[%clk 0:13:41]}
23. Qf3 {[%clk 0:13:05]} Nc4 {[%clk 0:12:32]} 24. Rdg2 {[%clk 0:12:21]} Qe5
{[%clk 0:10:56]} 25. Bxc4 {[%clk 0:11:02]} dxc4 {[%clk 0:10:37]} 26. Re2
{[%clk 0:10:25]} Qd6 {[%clk 0:10:29]} 27. Rd1 {[%clk 0:10:23]} Qc7
{[%clk 0:08:44]} 28. Nd4 {[%clk 0:09:33]} c3 {[%clk 0:07:55]} 29. Nb3
{[%clk 0:04:39]} cxb2+ {[%clk 0:06:47]} 30. Kb1 {[%clk 0:04:48]} Rfd8
{[%clk 0:05:53]} 31. Rf1 {[%clk 0:04:47]} Bf8 {[%clk 0:05:54]} 32. h5
{[%clk 0:04:11]} Qd7 {[%clk 0:04:50]} 33. hxg6 {[%clk 0:03:18]} fxg6
{[%clk 0:04:55]} 34. Nd2 {[%clk 0:01:24]} Bg7 {[%clk 0:04:35]} 35. Qh1
{[%clk 0:01:15]} Qc6 {[%clk 0:04:24]} 36. Ne4 {[%clk 0:00:38]} Qc4
{[%clk 0:02:52]} 37. Ref2 {[%clk 0:00:29]} Rd7 {[%clk 0:02:12]} 38. Qh3
{[%clk 0:00:16]} Rcd8 {[%clk 0:02:10]} 39. Qf3 {[%clk 0:00:22]} Qxe4
{[%clk 0:01:36]} 40. Qb3+ {[%clk 0:00:23]} Qd5 {[%clk 0:01:39]} 41. c4
{[%clk 0:00:18]} Qd3+ {[%clk 0:01:40]} 42. Qxd3 {[%clk 0:00:26]} Rxd3
{[%clk 0:01:48]} 43. Kc2 {[%clk 0:00:28]} bxc4 {[%clk 0:01:49]} 44. Re2
{[%clk 0:00:26]} c3 {[%clk 0:01:50]} 45. Re8+ {[%clk 0:00:30]} Rxe8
{[%clk 0:01:57]} 46. Kxd3 {[%clk 0:00:40]} Rd8+ {[%clk 0:01:59]} 47. Kc4
{[%clk 0:00:38]} c2 {[%clk 0:02:08]} 48. Kb3 {[%clk 0:00:43]} b1=Q+
{[%clk 0:02:11]} 49. Rxb1 {[%clk 0:00:52]} cxb1=Q+ {[%clk 0:02:05]} 0-1

[Event "MPJBiS 2020"]
[Site "?"]
[Date "2020.08.28"]
[Round "7.9"]
[White "Musial, Igor"]
[Black "Duda, Szymon"]
[Result "1/2-1/2"]
[BlackElo "1350"]
[WhiteElo "1613"]
[LiveChessVersion "1.4.8"]

1. e4 {[%clk 0:15:19]} e5 {[%clk 0:15:18]} 2. Nf3 {[%clk 0:15:28]} Nc6
{[%clk 0:15:28]} 3. Bb5 {[%clk 0:15:37]} a6 {[%clk 0:15:37]} 4. Ba4
{[%clk 0:15:46]} Nf6 {[%clk 0:15:44]} 5. O-O {[%clk 0:15:53]} Be7
{[%clk 0:15:53]} 6. Re1 {[%clk 0:15:57]} b5 {[%clk 0:16:00]} 7. Bb3
{[%clk 0:16:06]} O-O {[%clk 0:16:08]} 8. d3 {[%clk 0:15:01]} h6 {[%clk 0:16:10]}
9. c3 {[%clk 0:14:50]} d6 {[%clk 0:16:11]} 10. h3 {[%clk 0:14:59]} Na5
{[%clk 0:16:10]} 11. Bc2 {[%clk 0:15:08]} c5 {[%clk 0:16:06]} 12. Nbd2
{[%clk 0:15:06]} Bb7 {[%clk 0:16:05]} 13. Nf1 {[%clk 0:14:50]} Nh7
{[%clk 0:15:33]} 14. Ng3 {[%clk 0:14:12]} Ng5 {[%clk 0:15:22]} 15. Nf5
{[%clk 0:13:36]} Bc8 {[%clk 0:14:20]} 16. Nxe7+ {[%clk 0:12:55]} Qxe7
{[%clk 0:14:27]} 17. Nxg5 {[%clk 0:13:04]} hxg5 {[%clk 0:14:31]} 18. Qh5
{[%clk 0:13:09]} f6 {[%clk 0:14:15]} 19. d4 {[%clk 0:08:47]} Qf7 {[%clk 0:12:52]}
20. Qxf7+ {[%clk 0:07:22]} Kxf7 {[%clk 0:11:55]} 21. dxc5 {[%clk 0:06:57]} dxc5
{[%clk 0:11:57]} 22. Be3 {[%clk 0:07:06]} c4 {[%clk 0:11:44]} 23. Red1
{[%clk 0:03:53]} Nb7 {[%clk 0:11:23]} 24. Bb6 {[%clk 0:02:14]} Be6
{[%clk 0:11:22]} 25. Rd2 {[%clk 0:02:13]} Rfc8 {[%clk 0:10:47]} 26. Rad1
{[%clk 0:01:12]} Ke8 {[%clk 0:10:29]} 27. a4 {[%clk 0:00:25]} Rc6
{[%clk 0:10:02]} 28. a5 {[%clk 0:00:24]} Rcc8 {[%clk 0:10:07]} 29. f3
{[%clk 0:00:29]} Rc6 {[%clk 0:10:11]} 30. Kf2 {[%clk 0:00:37]} Ke7
{[%clk 0:09:48]} 31. Ke3 {[%clk 0:00:28]} Rcc8 {[%clk 0:09:46]} 32. Rh1
{[%clk 0:00:27]} Rh8 {[%clk 0:09:46]} 33. Rhd1 {[%clk 0:00:25]} Rhc8
{[%clk 0:09:54]} 34. Kf2 {[%clk 0:00:22]} Re8 {[%clk 0:09:48]} 35. Rh1
{[%clk 0:00:22]} Rh8 {[%clk 0:09:53]} 36. Rdd1 {[%clk 0:00:20]} Rac8
{[%clk 0:09:51]} 37. Ke3 {[%clk 0:00:28]} Ra8 {[%clk 0:09:57]} 38. Rd2
{[%clk 0:00:16]} Rac8 {[%clk 0:09:52]} 39. Rh2 {[%clk 0:00:19]} Ra8
{[%clk 0:09:53]} 40. Rd1 {[%clk 0:00:26]} Rh7 {[%clk 0:09:40]} 41. Rdh1
{[%clk 0:00:26]} Rah8 {[%clk 0:09:46]} 42. Rd1 1/2-1/2

[Event "MPJBiS 2020"]
[Site "?"]
[Date "2020.08.28"]
[Round "7.10"]
[White "Pawlowski, Kamil"]
[Black "Zielonka, Adam"]
[Result "1/2-1/2"]
[BlackElo "1609"]
[WhiteElo "1307"]
[LiveChessVersion "1.4.8"]

1. c4 {[%clk 0:15:16]} Nf6 {[%clk 0:15:11]} 2. Nc3 {[%clk 0:15:25]} e5
{[%clk 0:15:14]} 3. Nf3 {[%clk 0:15:08]} Nc6 {[%clk 0:15:17]} 4. e3
{[%clk 0:15:07]} Be7 {[%clk 0:14:42]} 5. d4 {[%clk 0:14:11]} exd4
{[%clk 0:14:43]} 6. exd4 {[%clk 0:13:41]} d5 {[%clk 0:14:45]} 7. Be3
{[%clk 0:11:44]} O-O {[%clk 0:14:37]} 8. cxd5 {[%clk 0:09:28]} Nxd5
{[%clk 0:14:41]} 9. Bc4 {[%clk 0:08:09]} Be6 {[%clk 0:13:05]} 10. Bxd5
{[%clk 0:07:01]} Bxd5 {[%clk 0:13:12]} 11. Nxd5 {[%clk 0:06:55]} Qxd5
{[%clk 0:13:18]} 12. O-O {[%clk 0:06:18]} Bf6 {[%clk 0:13:15]} 13. Qd2
{[%clk 0:04:36]} Rad8 {[%clk 0:12:24]} 14. Rfd1 {[%clk 0:04:18]} Rd7
{[%clk 0:12:19]} 15. b3 {[%clk 0:02:45]} Rfd8 {[%clk 0:12:19]} 16. Rac1
{[%clk 0:02:51]} Nxd4 {[%clk 0:10:02]} 17. Nxd4 {[%clk 0:02:42]} Bxd4
{[%clk 0:10:08]} 18. Bxd4 {[%clk 0:02:49]} Qxd4 {[%clk 0:10:10]} 19. Qxd4
{[%clk 0:02:52]} Rxd4 {[%clk 0:10:18]} 20. Rxd4 {[%clk 0:02:58]} Rxd4
{[%clk 0:10:25]} 21. Re1 {[%clk 0:03:02]} Kf8 {[%clk 0:10:33]} 22. g3
{[%clk 0:03:08]} Rd2 {[%clk 0:10:34]} 23. Rc1 {[%clk 0:02:53]} c6
{[%clk 0:10:40]} 24. a4 {[%clk 0:02:59]} Rd3 {[%clk 0:10:48]} 25. Rb1
{[%clk 0:03:08]} Ke7 {[%clk 0:10:54]} 26. Kf1 {[%clk 0:03:17]} Rd2
{[%clk 0:10:50]} 27. Ke1 {[%clk 0:03:22]} Rc2 {[%clk 0:10:58]} 28. b4
{[%clk 0:03:16]} Ra2 {[%clk 0:10:45]} 29. b5 {[%clk 0:03:09]} Rxa4
{[%clk 0:10:38]} 30. bxc6 {[%clk 0:03:17]} bxc6 {[%clk 0:10:47]} 31. Rb7+
{[%clk 0:03:26]} Ke6 {[%clk 0:10:53]} 32. Rc7 {[%clk 0:03:35]} Ra2
{[%clk 0:08:39]} 33. Rxc6+ {[%clk 0:03:40]} Kd7 {[%clk 0:08:39]} 34. Rc3
{[%clk 0:03:35]} a5 {[%clk 0:08:47]} 35. Rb3 {[%clk 0:03:44]} a4 {[%clk 0:08:40]}
36. Rb7+ {[%clk 0:03:52]} Ke6 {[%clk 0:08:38]} 37. Rb6+ {[%clk 0:04:00]} Kf5
{[%clk 0:08:38]} 38. Kf1 {[%clk 0:03:27]} a3 {[%clk 0:07:55]} 39. Kg2
{[%clk 0:03:26]} Ke4 {[%clk 0:07:51]} 40. Rb7 {[%clk 0:03:30]} Ra1
{[%clk 0:07:23]} 41. Rxf7 {[%clk 0:03:31]} a2 {[%clk 0:07:25]} 42. Ra7
{[%clk 0:03:30]} Kd3 {[%clk 0:07:20]} 43. Rd7+ {[%clk 0:03:04]} Kc4
{[%clk 0:07:28]} 44. Rc7+ {[%clk 0:03:11]} Kb5 {[%clk 0:07:25]} 45. Ra7
{[%clk 0:02:51]} Kb6 {[%clk 0:07:00]} 46. Ra8 {[%clk 0:02:57]} g5
{[%clk 0:07:04]} 47. Kh3 {[%clk 0:02:58]} h5 {[%clk 0:07:02]} 48. f4
{[%clk 0:02:39]} gxf4 {[%clk 0:04:51]} 49. gxf4 {[%clk 0:02:46]} Kc5
{[%clk 0:04:29]} 50. Kh4 {[%clk 0:02:36]} 1/2-1/2

[Event "MPJBiS 2020"]
[Site "?"]
[Date "2020.08.28"]
[Round "7.11"]
[White "Przybylski, Jan"]
[Black "Sniadecki, Oskar"]
[Result "0-1"]
[BlackElo "1569"]
[WhiteElo "1369"]
[LiveChessVersion "1.4.8"]

1. e4 {[%clk 0:15:18]} e6 {[%clk 0:15:17]} 2. d4 {[%clk 0:15:25]} b6
{[%clk 0:15:26]} 3. Bd3 {[%clk 0:15:26]} Bb7 {[%clk 0:15:34]} 4. Nd2
{[%clk 0:15:16]} c5 {[%clk 0:15:15]} 5. c3 {[%clk 0:14:57]} cxd4 {[%clk 0:15:02]}
6. cxd4 {[%clk 0:15:01]} Bb4 {[%clk 0:15:03]} 7. Ngf3 {[%clk 0:14:26]} Nf6
{[%clk 0:15:08]} 8. Qe2 {[%clk 0:13:36]} O-O {[%clk 0:12:53]} 9. a3
{[%clk 0:13:01]} Bxd2+ {[%clk 0:11:59]} 10. Bxd2 {[%clk 0:13:02]} d6
{[%clk 0:12:05]} 11. O-O {[%clk 0:13:00]} Nbd7 {[%clk 0:12:11]} 12. Bb4
{[%clk 0:12:23]} Nb8 {[%clk 0:10:44]} 13. e5 {[%clk 0:06:54]} Ne8
{[%clk 0:10:43]} 14. Rfd1 {[%clk 0:04:12]} a5 {[%clk 0:10:45]} 15. Bd2
{[%clk 0:03:41]} f5 {[%clk 0:09:31]} 16. exf6 {[%clk 0:02:13]} Qxf6
{[%clk 0:09:38]} 17. Ng5 {[%clk 0:01:01]} g6 {[%clk 0:07:19]} 18. Qxe6+
{[%clk 0:00:44]} Qxe6 {[%clk 0:07:27]} 19. Nxe6 {[%clk 0:00:52]} Rf6
{[%clk 0:07:35]} 20. Ng5 {[%clk 0:00:29]} Nc6 {[%clk 0:07:38]} 21. Bc4+
{[%clk 0:00:23]} Kh8 {[%clk 0:07:36]} 22. Bc3 {[%clk 0:00:24]} Rf5
{[%clk 0:06:40]} 23. Nf3 {[%clk 0:00:17]} Ng7 {[%clk 0:06:47]} 24. d5
{[%clk 0:00:21]} Ne7 {[%clk 0:06:39]} 25. Bd4 {[%clk 0:00:18]} Nxd5
{[%clk 0:06:42]} 26. Bxd5 {[%clk 0:00:14]} Bxd5 {[%clk 0:06:48]} 27. Bxb6
{[%clk 0:00:21]} Bxf3 {[%clk 0:06:35]} 28. gxf3 {[%clk 0:00:29]} d5
{[%clk 0:06:41]} 29. Rd3 {[%clk 0:00:26]} Ra6 {[%clk 0:06:41]} 30. Be3
{[%clk 0:00:22]} Ne6 {[%clk 0:06:49]} 31. Rad1 {[%clk 0:00:21]} Rd6
{[%clk 0:06:51]} 32. Bd4+ {[%clk 0:00:19]} Kg8 {[%clk 0:06:57]} 33. Bc3
{[%clk 0:00:24]} d4 {[%clk 0:07:06]} 34. Be1 {[%clk 0:00:21]} Rfd5
{[%clk 0:07:09]} 35. b4 {[%clk 0:00:22]} Nf4 {[%clk 0:07:09]} 36. Rb3
{[%clk 0:00:21]} a4 {[%clk 0:07:17]} 37. Rb2 {[%clk 0:00:27]} Rg5+
{[%clk 0:07:16]} 38. Kh1 {[%clk 0:00:18]} d3 {[%clk 0:07:25]} 39. Bd2
{[%clk 0:00:23]} Rf5 {[%clk 0:06:32]} 40. Bxf4 {[%clk 0:00:30]} Rxf4
{[%clk 0:06:42]} 41. Rbd2 {[%clk 0:00:37]} Rfd4 {[%clk 0:06:51]} 42. Kg2
{[%clk 0:00:41]} Kf7 {[%clk 0:06:59]} 43. f4 {[%clk 0:00:48]} Ke6
{[%clk 0:07:08]} 44. Kf3 {[%clk 0:00:55]} Kf5 {[%clk 0:07:17]} 45. b5
{[%clk 0:00:28]} Rxf4+ {[%clk 0:07:23]} 46. Kg2 {[%clk 0:00:35]} Ke4
{[%clk 0:06:53]} 47. b6 {[%clk 0:00:33]} Rf7 {[%clk 0:07:02]} 48. Rb1
{[%clk 0:00:23]} Rb7 {[%clk 0:07:08]} 49. Rb4+ {[%clk 0:00:29]} Rd4
{[%clk 0:07:17]} 50. Rb5 {[%clk 0:00:31]} Rc4 {[%clk 0:07:13]} 51. h3
{[%clk 0:00:15]} Kd4 {[%clk 0:07:22]} 52. Kf3 {[%clk 0:00:14]} Kc3
{[%clk 0:07:28]} 53. Rd1 {[%clk 0:00:21]} Kc2 {[%clk 0:07:31]} 54. Rbb1
{[%clk 0:00:22]} d2 {[%clk 0:06:57]} 55. Ke2 {[%clk 0:00:14]} Rd4
{[%clk 0:07:02]} 56. Rg1 {[%clk 0:00:14]} Re7+ {[%clk 0:07:08]} 57. Kf3
{[%clk 0:00:19]} d1=Q+ {[%clk 0:07:16]} 58. Rbxd1 {[%clk 0:00:25]} Rxd1
{[%clk 0:07:25]} 59. Rxd1 {[%clk 0:00:34]} Kxd1 0-1

[Event "MPJBiS 2020"]
[Site "?"]
[Date "2020.08.28"]
[Round "8.1"]
[White "Seemann, Jakub"]
[Black "Wierzbicki, Dawid"]
[Result "1/2-1/2"]
[BlackElo "1507"]
[WhiteElo "1687"]
[LiveChessVersion "1.4.8"]

1. d4 e6 2. c4 b6 3. Nf3 Bb7 4. g3 f5 5. Bg2 Nf6 6. O-O Be7 7. Nbd2 O-O 8. Qc2 d6
9. d5 exd5 10. Nd4 Qc8 11. Nxf5 Re8 12. cxd5 Nxd5 13. e4 Nf6 14. Nxe7+ Rxe7 15.
b3 Nbd7 16. Bb2 Ne5 17. h3 Qd7 18. f4 Nf7 19. Rfe1 Rae8 20. Rad1 Qc6 21. Qb1 Qc5+
22. Kh2 Nxe4 23. Nxe4 Bxe4 24. Rxe4 Rxe4 25. Bxe4 Qf2+ 26. Bg2 Re2 27. Rg1 Rxb2
28. Qf5 g6 29. Qc8+ Kg7 30. Qxc7 Rxa2 31. Qc3+ Kg8 32. Qc8+ Kg7 33. Qc3+ 1/2-1/2